Регионална библиотека "Любен Каравелов" - Русе

Институции, институционална промяна и икономически резултати (Запис номер 33100)

MARC детайли
000 -Лидер
Контролно поле с фиксирана дължина 02428nam a2200445 c 4500
003 - Код на организацията, давaща контролен номер
Контролно поле BLK
005 - Дата и час на последна редакция
Контролно поле 20180422100154.0
008 - Елементи от данни с фиксирана дължина
fixed length control field 180408b bul|||||r ||||||| ||bul||
010 ## - Наследен системен номер
LC control number KNG00035787000
020 ## - Международен стандартен номер на книга ISBN
Международен стандартен номер на книга ISBN 954-607-342-3
-- издат.: ЛИК
040 ## - Източник на каталожния запис
Идентификатор на билиотеката - собственик на записа BLK
041 ## - Код за език
Код за езика на текст/звукозапис или на отделно заглавие Български
Код за езика КДБФ Български
080 ## - УДК
Текстов определител УДК Фактори на икономическото развитие. - Развитие на производството. Технически прогрес. Институционни промени. Структурни промени. Индустриализация. Концентрация. Централизация, децентрализация
УДК код - определител по УДК 330.341
УДК определител
УДК - код + определител 330.341
080 ## - УДК
Текстов определител УДК Общество (в цялост). Обществото като система. - Обществено развитие в цялост. Социология на отделните обществени системи
УДК код - определител по УДК 316.32
УДК определител
УДК - код + определител 316.32
080 ## - УДК
Текстов определител УДК Социално поведение. Социална психология
УДК код - определител по УДК 316.6
УДК определител
УДК - код + определител 316.6
100 1# - Редна дума - Автор
Автор Норт, Дъглас
Авторска отговорност първи автор
R(LIN) 272733
139 ## - Редно поле
Редна дума Норт, Дъглас
Авторски знак Нор - Н 91
245 10 - Сведения за заглавието
Заглавие Институции, институционална промяна и икономически резултати
Редно поле (дума) Дъглас Норт; прев. от англ. Боряна Станкова; науч. ред. Атанас Леонидов.
257 ## - Страна на издаване
Страна на създаване/издаване Съединени американски щати
260 ## - Област на издателските данни
-- София
Име на издателя, разпространителя и проч. ЛИК
Година на издаване 2000
300 ## - Физическа характеристика
Страници 208 с.
Размери/Мащаб 20 см
380 ## - Жанр
Жанр Обществени науки
500 ## - Общи забележки
Забележка Ориг. загл. Institutions, Institutional Change and Economic Performance / Douglass C. North. - Офс. изд. - Библиогр. с. 197-202 ; Азб. показалец.
504 ## - Забележка за наличие на библиография и др
Забележка за наличие на библиография и под. 197-202
650 #4 - Допълнително описание по предмет – тема
Основно описание – тема или топоним Икономическо развитие - теория
9 (RLIN) 272735
650 #4 - Допълнително описание по предмет – тема
Основно описание – тема или топоним Обществено развитие
9 (RLIN) 245610
650 #4 - Допълнително описание по предмет – тема
Основно описание – тема или топоним Поведение
9 (RLIN) 166567
653 ## - Ключова дума – ненормативна
Ключова дума институционализъм
653 ## - Ключова дума – ненормативна
Ключова дума икономика
653 ## - Ключова дума – ненормативна
Ключова дума обществено развитие
653 ## - Ключова дума – ненормативна
Ключова дума икономическо развитие
653 ## - Ключова дума – ненормативна
Ключова дума поведение
700 1# - Други автори (авторска отговорност)
Лично име Станкова, Боряна
Автороска отговорност (Описва отношението между автора и произведението) прев. от англ.
9 (RLIN) 272734
700 1# - Други автори (авторска отговорност)
Лично име Леонидов, Атанас
Автороска отговорност (Описва отношението между автора и произведението) науч. ред.
9 (RLIN) 366916
852 ## - Местоположение
Форматна сигнатура Цб 208443
856 4# - Електронен адрес и достъп
Електронен формат pdf - файл
Път до файла /url/
856 4# - Електронен адрес и достъп
Електронен формат pdf - файл
Път до файла /url/
942 ## - АРТИКУЛИ
Вид на библиотечния материал Книги
Скрит в OPAC Не
944 ## - СЪЗДАВАНЕ И РЕДАКЦИЯ на ЗАПИСА
Създаване/Редакция Създаване
Дата на регистрацията/редакция 15.01.2003
Служител, извършил регистрацията/редакцията Кети_Илиева
944 ## - СЪЗДАВАНЕ И РЕДАКЦИЯ на ЗАПИСА
Създаване/Редакция Редакция
Дата на регистрацията/редакция 07.09.2006
Служител, извършил регистрацията/редакцията
999 ## - СИСТЕМНИ КОНТРОЛНИ НОМЕРА
Koha biblionumber 33100
Koha biblioitemnumber 33100
Наличности
Код за отписване Код за изгубен артикул Източник на класификационната схема Код за повреда Коз за рестрикции Код за отдаване Артикулен № Име на библиотеката - собственик Име на библиотеката, в която се намира в момента Статус (Текущо местоположение) Дата на вписване в системата Местоположение - отдел Цена в лева Инвентарен номер Систематично азбучна сигнатура Баркод Номер на екземпляра Цена в евро Служебна бележка Служебен тип на артикула
  Не е изгубен Universal Decimal Classification Не е повреден без рестрикции ползва се в читалня 52887 Регионална библиотека "Любен Каравелов" Русе Регионална библиотека "Любен Каравелов" Русе Читалня 2001-01-01 Читалня 3.43 663966 Ч 330/Н 91 120000663966 1 1.75 Дост: Pk Вид: Ф N: стар фонд Дата: 01.01.2000 Дата инв: 22.03.2017 Бележки инв: Ч2017 Книги
  Не е изгубен   Не е повреден без рестрикции ползва се в читалня 52888 Регионална библиотека "Любен Каравелов" Русе Регионална библиотека "Любен Каравелов" Русе Хранилище 2002-11-26 Основен фонд - ползва се само за читалня 4.90 120000673418 Цб 208443 120000673418 2 2.51 Дост: DA Вид: А N: 45 Дата: 26.11.2002 Книги
Vip Innovations Ltd, Rousse, Bulgaria 2025